Statistics for Countries by Lowest GDP Growth Rate

Click here to take the quiz!

General Stats

  • This quiz has been taken 11 times
  • The average score is 5 of 21

Answer Stats

GDP RateCountry% Correct
-12.1%Iraq
70%
-35.0%Venezuela
70%
-10.3%India
40%
-8.2%Colombia
30%
-66.7%Libya
30%
-18.6%Maldives
30%
-14.2%Mauritius
30%
-8.3%Zimbabwe
30%
-9.6%Botswana
20%
-8.8%Dominica
20%
-9.0%El Salvador
20%
-11.8%Grenada
20%
-8.3%Philippines
20%
-13.8%Seychelles
20%
-17.3%Antigua and Barbuda
10%
-9.0%Panama
10%
-18.7%Saint Kitts and Nevis
10%
-8.3%Vanuatu
10%
-9.0%Croatia
0%
-12.0%Kyrgyzstan
0%
-12.0%Montenegro
0%

Score Distribution

Percentile by Number Answered

Percent of People with Each Score

Your Score History

You have not taken this quiz